[Event "BCF-chT1c 1718 (4NCL) Promotion pool"]
[Site "England"]
[Date "2018.05.06"]
[Round "10.36"]
[White "Wadsworth, Matthew J"]
[Black "Dickinson, Timothy R"]
[Result "1-0"]
[WhiteElo "2350"]
[BlackElo "2049"]
[PlyCount "93"]
[EventDate "2017.01.11"]
[EventType "team-swiss"]
[EventRounds "11"]
[EventCountry "ENG"]
[SourceTitle "EXT 2019"]
[Source "ChessBase"]
[SourceDate "2018.10.10"]
[SourceVersion "1"]
[SourceVersionDate "2018.10.10"]
[SourceQuality "1"]
[WhiteTeam "Guildford II"]
[BlackTeam "Oxford"]
[WhiteTeamCountry "ENG"]
[BlackTeamCountry "ENG"]

1. g3 d5 2. Nf3 Bg4 3. Bg2 e6 4. c4 c6 5. cxd5 exd5 6. d3 Nd7 7. 0-0 Ngf6 8. Nc3 Bxf3 9. Bxf3 d4 10. Ne4 Nxe4 11. Bxe4 g6 12. Bd2 Bg7 13. Rc1 0-0 14. Bf3 Qe7 15. Qb3 Rab8 16. Qa4 a6 17. b4 Rfc8 18. Qb3 Qe6 19. Qxe6 fxe6 20. a4 Nb6 21. a5 Nd5 22. Rc4 Rd8 23. Kg2 Rd7 24. e4 Nc7 25. Bg4 Rf7 26. f4 e5 27. f5 Re8 28. Rcc1 Nb5 29. Bd1 Rf6 30. Bb3+ Kf8 31. Bg5 Ke7 32. fxg6 hxg6 33. Rc2 Ref8 34. Rcf2 Nc7 35. h4 Ne6 36. Bxf6+ Rxf6 37. Rxf6 Bxf6 38. Bxe6 Kxe6 39. Kh3 Be7 40. Rb1 Kf6 41. g4 Kg7 42. g5 Bd6 43. Kg4 Be7 44. h5 Bd6 45. h6+ Kg8 46. Rf1 Bxb4 47. Rf6 1-0

[Event "BCF-chT3Sd 1516 (4NCL)"]
[Site "England"]
[Date "2016.05.01"]
[Round "10.99"]
[White "Redman, David J"]
[Black "Dickinson, Timothy R"]
[Result "1-0"]
[WhiteElo "2252"]
[BlackElo "2108"]
[PlyCount "111"]
[EventDate "2016.03.20"]
[EventType "team-swiss"]
[EventRounds "11"]
[EventCountry "ENG"]
[SourceTitle "EXT 2017"]
[Source "ChessBase"]
[SourceDate "2016.10.25"]
[SourceVersion "1"]
[SourceVersionDate "2016.10.25"]
[SourceQuality "1"]
[WhiteTeam "Poisoned Pawns"]
[BlackTeam "Oxford II"]
[WhiteTeamCountry "ENG"]
[BlackTeamCountry "ENG"]

1. d4 e6 2. c4 Bb4+ 3. Bd2 Qe7 4. Nf3 Nf6 5. a3 Bxd2+ 6. Qxd2 d6 7. Nc3 0-0 8. e4 e5 9. d5 a5 10. Bd3 a4 11. Bc2 Bd7 12. Qg5 Ra5 13. h3 Na6 14. g4 Nc5 15. Ne2 Kh8 16. Ng3 Ng8 17. Qe3 g6 18. g5 f5 19. exf5 gxf5 20. Qc3 Raa8 21. h4 Qg7 22. h5 e4 23. Nd4 Qxg5 24. Ne6+ Qf6 25. Nxf8 Qxc3+ 26. bxc3 Rxf8 27. Rh4 Nh6 28. Rf4 Rg8 29. Kd2 Rg5 30. Rg1 Nf7 31. f3 Ne5 32. fxe4 Nxc4+ 33. Kc1 fxe4 34. Bxe4 Nxe4 35. Rxe4 Ne5 36. h6 Rg6 37. Re3 Rxh6 38. Ne4 b6 39. Reg3 Rg6 40. Nf6 Bb5 41. Kb2 Kg7 42. Nh5+ Kf7 43. Nf4 Rxg3 44. Rxg3 Bd7 45. Nd3 Nxd3+ 46. Rxd3 h5 47. Rd4 Ke7 48. Kc2 Kd8 49. Rf4 Kc8 50. c4 b5 51. Kc3 Kb7 52. Rf7 Bg4 53. cxb5 Kb6 54. Kb4 Bd1 55. Rh7 Kb7 56. Ka5 1-0

[Event "BCF-chT1b 1415 (4NCL)"]
[Site "England"]
[Date "2015.03.28"]
[Round "7.156"]
[White "Dickinson, Timothy R"]
[Black "Hebden, Mark"]
[Result "0-1"]
[WhiteElo "2102"]
[BlackElo "2498"]
[PlyCount "102"]
[EventDate "2014.11.15"]
[EventType "team-swiss"]
[EventRounds "11"]
[EventCountry "ENG"]
[SourceTitle "EXT 2016"]
[Source "ChessBase"]
[SourceDate "2015.10.08"]
[SourceVersion "1"]
[SourceVersionDate "2015.10.08"]
[SourceQuality "1"]
[WhiteTeam "Oxford"]
[BlackTeam "Guildford"]
[WhiteTeamCountry "ENG"]
[BlackTeamCountry "ENG"]

1. d4 Nf6 2. Nf3 g6 3. c4 Bg7 4. Nc3 0-0 5. e4 d6 6. Be2 e5 7. dxe5 dxe5 8. Qxd8 Rxd8 9. Bg5 Nbd7 10. 0-0-0 Rf8 11. h3 Nc5 12. Bd3 c6 13. Be3 Nfd7 14. Bc2 a5 15. Na4 Nxa4 16. Bxa4 Re8 17. Ne1 f5 18. f3 Nf6 19. Bc2 Be6 20. b3 a4 21. exf5 gxf5 22. Nd3 e4 23. Nc5 exf3 24. Bd4 axb3 25. axb3 Ne4 26. Nxe6 Rxe6 27. Bxg7 fxg2 28. Rhg1 Kxg7 29. Rxg2+ Kf6 30. Rd7 b5 31. cxb5 cxb5 32. Rxh7 Rc8 33. Kb2 Rc5 34. b4 Rcc6 35. Rb7 Nd6 36. Ra7 Nc4+ 37. Kb3 Ne3 38. Rf2 Nxc2 39. Rxc2 Re3+ 40. Kb2 Rxc2+ 41. Kxc2 f4 42. Ra6+ Kf5 43. Rb6 Re5 44. Kd2 f3 45. Rb8 Kf4 46. h4 f2 47. Rf8+ Kg3 48. Rg8+ Kxh4 49. Rf8 Kg3 50. Rg8+ Kf4 51. Rf8+ Rf5 0-1

[Event "BCF-chTb 1112 (4NCL)"]
[Site "England"]
[Date "2012.02.11"]
[Round "5.56"]
[White "Gourlay, Iain"]
[Black "Dickinson, Timothy R"]
[Result "1-0"]
[WhiteElo "2351"]
[BlackElo "2152"]
[PlyCount "71"]
[EventDate "2011.11.12"]
[EventType "team-tourn"]
[EventRounds "7"]
[EventCountry "ENG"]
[SourceTitle "EXT 2013"]
[Source "ChessBase"]
[SourceDate "2012.11.22"]
[SourceVersion "1"]
[SourceVersionDate "2012.11.22"]
[SourceQuality "1"]
[WhiteTeam "White Rose"]
[BlackTeam "Oxford"]
[WhiteTeamCountry "ENG"]
[BlackTeamCountry "ENG"]

1. Nf3 Nf6 2. g3 g6 3. b4 Bg7 4. Bb2 0-0 5. Bg2 d6 6. 0-0 c6 7. c4 a5 8. b5 cxb5 9. cxb5 Nbd7 10. Na3 Nb6 11. Rc1 Be6 12. Qc2 Rc8 13. Qb1 Nfd5 14. Bxg7 Kxg7 15. Qb2+ Kg8 16. Ng5 Qd7 17. Qd4 Rxc1 18. Rxc1 Rc8 19. Re1 Rc5 20. e4 Nc7 21. e5 Bxa2 22. Qh4 h5 23. exd6 Qxd6 24. Ne4 Qe6 25. Ra1 Re5 26. d4 Rd5 27. Rxa2 Rxd4 28. Re2 Ra4 29. Nc3 Rxa3 30. Rxe6 Nxe6 31. Ne2 Ra2 32. Qe4 a4 33. Nc3 Ra1+ 34. Bf1 a3 35. Qxb7 Nc4 36. Qc8+ 1-0

[Event "BCF-chT3S 1112 (4NCL)"]
[Site "England"]
[Date "2011.11.13"]
[Round "2.2"]
[White "Duvall, Ian"]
[Black "Dickinson, Timothy R"]
[Result "1/2-1/2"]
[WhiteElo "2053"]
[BlackElo "2152"]
[PlyCount "50"]
[EventDate "2011.11.12"]
[EventType "team-swiss"]
[EventRounds "6"]
[EventCountry "ENG"]
[SourceTitle "EXT 2013"]
[Source "ChessBase"]
[SourceDate "2012.11.22"]
[SourceVersion "1"]
[SourceVersionDate "2012.11.22"]
[SourceQuality "1"]
[WhiteTeam "AMCA Rhinos"]
[BlackTeam "Oxford II"]
[WhiteTeamCountry "ENG"]
[BlackTeamCountry "ENG"]

1. d4 e6 2. c4 Nf6 3. Nf3 b6 4. g3 Ba6 5. b3 Bb4+ 6. Bd2 Be7 7. Bg2 c6 8. 0-0 d5 9. Ne5 0-0 10. Bc3 Nfd7 11. Nxd7 Nxd7 12. Nd2 Nf6 13. Re1 Rc8 14. e4 dxe4 15. Nxe4 Qc7 16. Qc2 Rfd8 17. Rad1 Bb7 18. Rd2 h6 19. Red1 Nxe4 20. Bxe4 Bf6 21. Bg2 Rd7 22. Qb2 Rcd8 23. Qc2 Qc8 24. Be4 Qc7 25. Bg2 Qc8 1/2-1/2

[Event "BCF-chT3 0809 (4NCL)"]
[Site "Hinckley Island"]
[Date "2008.12.06"]
[Round "3.1"]
[White "Dickinson, Timothy R"]
[Black "Fathallah, Joe"]
[Result "1-0"]
[WhiteElo "2158"]
[BlackElo "1976"]
[PlyCount "133"]
[EventDate "2008.10.18"]
[EventType "team-swiss"]
[EventRounds "11"]
[EventCountry "ENG"]
[SourceTitle "EXT 2010"]
[Source "ChessBase"]
[SourceDate "2010.11.25"]
[SourceVersion "1"]
[SourceVersionDate "2010.11.25"]
[SourceQuality "1"]
[WhiteTeam "Oxford II"]
[BlackTeam "Celtic Tigers II"]
[WhiteTeamCountry "ENG"]
[BlackTeamCountry "ENG"]

1. e4 e6 2. d4 d5 3. Nd2 Nf6 4. Bd3 dxe4 5. Nxe4 Nbd7 6. Nf3 Be7 7. 0-0 0-0 8. c3 b6 9. Bc2 Bb7 10. Nxf6+ Bxf6 11. Qd3 g6 12. Bf4 c5 13. Rad1 cxd4 14. cxd4 Rc8 15. Ba4 Nb8 16. Bb3 Ba6 17. Qe3 Bxf1 18. Kxf1 Na6 19. Ne5 Nc7 20. Bh6 Bg7 21. Nc6 Qe8 22. Bxg7 Kxg7 23. Nxa7 Rb8 24. Qe5+ f6 25. Qxc7+ Rf7 26. Qd6 Rxa7 27. Bxe6 Qd8 28. Qxd8 Rxd8 29. Bb3 Re7 30. d5 Rd6 31. Rd2 f5 32. Ba4 Kf6 33. Bc6 Rc7 34. Re2 Rcxc6 35. dxc6 Rxc6 36. a4 Rc4 37. b3 Rc3 38. Re3 Rc2 39. f4 Rc1+ 40. Kf2 Rc2+ 41. Kf3 h6 42. Rd3 Rc6 43. h3 g5 44. g3 Ke6 45. Re3+ Kf6 46. b4 Rc4 47. Rb3 gxf4 48. gxf4 Kg6 49. a5 bxa5 50. bxa5 Ra4 51. Rb5 Ra3+ 52. Kg2 Ra4 53. Kg3 Ra3+ 54. Kh4 Ra4 55. Rb6+ Kg7 56. a6 Rxf4+ 57. Kh5 Rf3 58. h4 Ra3 59. Rg6+ Kh7 60. Rxh6+ Kg7 61. Rb6 Ra5 62. Kg5 Kf7 63. Rb7+ Ke6 64. a7 Ra1 65. h5 f4 66. Kxf4 Kf6 67. h6 1-0

[Event "BCF-chT2a 0809 (4NCL)"]
[Site "Hinckley Island"]
[Date "2008.10.04"]
[Round "1.8"]
[White "Coats, Robbie J"]
[Black "Dickinson, Timothy R"]
[Result "0-1"]
[WhiteElo "1820"]
[BlackElo "2158"]
[PlyCount "92"]
[EventDate "2008.10.04"]
[EventType "team-tourn"]
[EventRounds "7"]
[EventCountry "ENG"]
[SourceTitle "EXT 2010"]
[Source "ChessBase"]
[SourceDate "2010.11.25"]
[SourceVersion "1"]
[SourceVersionDate "2010.11.25"]
[SourceQuality "1"]
[WhiteTeam "Brown Jack"]
[BlackTeam "Oxford"]
[WhiteTeamCountry "ENG"]
[BlackTeamCountry "ENG"]

1. e4 c6 2. d4 d5 3. exd5 cxd5 4. Bd3 Nf6 5. Nf3 Bg4 6. c3 Qc7 7. Qa4+ Bd7 8. Qc2 Nc6 9. 0-0 Bg4 10. Nbd2 e6 11. Re1 Bd6 12. c4 Bxf3 13. Nxf3 Nb4 14. Qa4+ Qd7 15. Qb3 Nxd3 16. Qxd3 dxc4 17. Qxc4 Rc8 18. Qb3 0-0 19. Bg5 Nd5 20. Rac1 h6 21. Bh4 Bf4 22. Ne5 Qd6 23. Rxc8 Rxc8 24. Qxb7 Qc7 25. Qxc7 Rxc7 26. Nd3 Rc4 27. Nxf4 Nxf4 28. f3 Rc2 29. g4 Rxb2 30. Bg3 Ne2+ 31. Kf1 Nxg3+ 32. hxg3 Rxa2 33. Rc1 g6 34. Rc7 Kg7 35. Rb7 a5 36. Ra7 a4 37. Rc7 Rd2 38. Ra7 Rxd4 39. Ke2 Rb4 40. Ke3 Rb3+ 41. Ke4 a3 42. Ra6 g5 43. Ra7 Kg6 44. Ra6 Rc3 45. Rb6 Rc4+ 46. Kd3 Ra4 0-1

[Event "BCF-chT4 0708 (4NCL)"]
[Site "England"]
[Date "2008.05.04"]
[Round "10.2"]
[White "Mercs, Peter J"]
[Black "Dickinson, Timothy R"]
[Result "1-0"]
[WhiteElo "2077"]
[BlackElo "2167"]
[PlyCount "33"]
[EventDate "2007.09.15"]
[EventType "team-swiss"]
[EventRounds "11"]
[EventCountry "ENG"]
[SourceTitle "EXT 2009"]
[Source "ChessBase"]
[SourceDate "2008.11.26"]
[SourceVersion "1"]
[SourceVersionDate "2008.11.26"]
[SourceQuality "1"]
[WhiteTeam "Nottinghamshire"]
[BlackTeam "Oxford II"]
[WhiteTeamCountry "ENG"]
[BlackTeamCountry "ENG"]

1. e4 c6 2. d4 d5 3. exd5 cxd5 4. c4 Nf6 5. Nc3 e6 6. Nf3 Bb4 7. cxd5 Nxd5 8. Qc2 Nc6 9. a3 Be7 10. Bd3 Nf6 11. 0-0 Nxd4 12. Nxd4 Qxd4 13. Nb5 Qc5 14. Nc7+ Kd8 15. Nxa8 Qxc2 16. Bxc2 Bd6 17. Be3 1-0